[Event "Spring Chess Classic-A 2022"]
[Site "Saint Louis"]
[Date "2022.03.02"]
[Round "1.6"]
[White "Nyzhnyk, Illya"]
[Black "Sevian, Samuel"]
[Result "1/2-1/2"]
[WhiteElo "2674"]
[BlackElo "2684"]
[Annotator "TA"]
[PlyCount "80"]
[EventDate "2022.03.02"]
[EventType "tourn"]
[EventCountry "USA"]
[SourceTitle "playchess.com"]
[Source "ChessBase"]
[SourceQuality "1"]

{[%evp 9,80,66,75,70,65,70,69,78,81,82,83,44,32,42,59,59,66,47,55,36,32,2,2,6,0,5,21,-13,-20,-17,-28,-50,-63,-55,-57,-44,0,0,-5,-14,-14,-2,-8,-3,0,0,3,3,4,3,16,17,23,5,11,5,6,0,8,-10,-10,-23,-23,-23,-7,-23,-23,-23,0,-4,0,0,0]} 1. c4 e5 2. Nc3 Nf6 3. Nf3 e4 4. Ng5 c6 5. Ngxe4 Nxe4 6. Nxe4 {[%cal Bc3e4,Be4g3,Bg3e2,Be2d4][%mdl 32] A22: English Opening: 1...e5 2 Nc3 Nf6.} d5 7. cxd5 cxd5 8. Ng3 {White is slightly better.} ({Avoid the trap} 8. Qa4+ $2 Bd7 9. Qd4 dxe4 10. Qxe4+ Be7 $19) 8... h5 {[%cal Bh7h5,Bh5h4,Bh4h3][%mdl 32] [#] aiming for ...h4.} 9. e3 h4 10. Bb5+ Nc6 11. Ne2 (11. Nh5 {looks sharper.} Bd6 12. O-O Qg5 13. Nf4 O-O 14. d4) 11... h3 12. g3 a6 13. Bxc6+ bxc6 {[#]} 14. Qa4 $146 ({Predecessor:} 14. O-O Bf5 15. d3 Qd7 16. b3 Bd6 17. Bb2 f6 18. Rc1 O-O 19. Nd4 Rac8 20. Nxf5 Qxf5 {0-1 (39) Mickiewicz,P (2308)-Harshavardhan,G (2397) Chess.com INT 2021}) 14... Qf6 15. Qf4 Qe6 16. Nd4 Qg6 {Strongly threatening ...Bd6.} 17. Qe5+ Be7 18. b4 Bd7 19. Bb2 Kd8 ({Don't take} 19... Rh5 20. Qc7 $14) 20. f4 {[%cal Bf2f4,Bf4f5][%mdl 32]} Qg4 $1 {Threatens to win with ...f6.} 21. f5 $1 Bxb4 {And now ...Re8 would win.} 22. Rf1 {Rf4 is the strong threat.} Re8 23. Ne6+ $1 fxe6 24. Rf4 {[#]} exf5 25. Rxg4 {Dancing on a razor blade.} Rxe5 26. Rxb4 Re4 27. Bd4 c5 28. Bxc5 Rxb4 29. Bxb4 $11 {[%mdl 4096] Endgame KRB-KRB} Bb5 30. Bc3 g6 31. Rb1 Kd7 32. Rb4 g5 $1 {To avoid Rh4} 33. a4 Bc6 34. Kf2 a5 35. Rb1 Bxa4 36. Ra1 Bc2 37. Rxa5 Rxa5 38. Bxa5 g4 (38... Bd3 $5 {[%cal Rg5g4]}) 39. d4 Ke6 40. Bc7 Be4 {Weighted Error Value: White=0.07 (flawless) /Black=0.05 (flawless)} 1/2-1/2

[Event "Spring Chess Classic-A 2022"]
[Site "Saint Louis"]
[Date "2022.03.02"]
[Round "1.7"]
[White "Niemann, Hans Moke"]
[Black "Robson, Ray"]
[Result "1/2-1/2"]
[WhiteElo "2642"]
[BlackElo "2676"]
[Annotator "TA"]
[PlyCount "141"]
[EventDate "2022.03.02"]
[EventType "tourn"]
[EventCountry "USA"]
[SourceTitle "playchess.com"]
[Source "ChessBase"]
[SourceQuality "1"]

{[%evp 9,141,0,0,8,10,4,9,0,2,5,14,8,7,7,7,7,25,23,14,22,21,18,13,0,25,17,32,27,25,29,39,39,33,21,57,58,46,48,43,15,15,11,9,0,3,0,50,36,28,18,0,0,135,20,265,277,285,261,237,68,51,0,0,0,0,0,0,-76,-96,-84,-92,-81,-85,-111,-45,-195,-95,-97,-93,-91,-89,-80,0,0,0,-100,-97,-101,-92,-94,-89,-97,0,-67,0,-88,-86,-75,-39,-37,-36,-34,0,0,0,-39,-39,-39,-19,-39,-35,-46,-47,-45,-46,-46,-46,-36,-34,-70,-49,-68,0,0,0,-9,0,0,0,0,0,0,0,0]} 1. c4 e5 2. Nc3 Nf6 3. Nf3 Nc6 4. e4 Bb4 5. d3 d6 6. a3 {A28: English Opening: Four Knights Variation.} Bc5 {[%cal Bb4c5,Bc5b6,Bb6d4][%mdl 32]} 7. b4 Bb6 8. Na4 Bd4 $1 {The main line 8...Bd4 scores better than 8...Bg4.} 9. Rb1 Bg4 10. Be2 Bxf3 11. Bxf3 Qe7 12. Be3 Nd8 13. Bxd4 exd4 14. O-O O-O 15. g3 {[#]} g5 $146 ({Predecessor:} 15... Nd7 16. Bg2 g5 17. c5 Ne6 18. e5 Nxe5 19. Bxb7 Rab8 20. Bg2 g4 21. Re1 f5 22. cxd6 cxd6 {½-½ (33) Abdusattorov,N (2651)-Giri,A (2772) chess24.com INT 2022}) 16. Bg4 Nxg4 17. Qxg4 Kh8 18. f4 gxf4 19. Qxf4 Nc6 20. Qf2 Qe5 21. Nb2 {[%cal Oc4c5]} Ne7 22. c5 {And now Nc4 would win.} b5 {Prevents Nc4.} 23. cxb6 axb6 24. Nc4 Qg7 25. Qg2 b5 26. Na5 Ng6 $1 27. Rbc1 Rfc8 (27... Ne5 $11) 28. Qa2 Ne5 29. Qd5 {[%csl LRb5,LRd4]} Qg5 $1 (29... Nxd3 30. Rxc7 $1 Ne5 31. Rxc8+ (31. Qxd6 Rxc7 32. Qxc7 Qg5 $14) 31... Rxc8 32. Nb7 $16 (32. Qxb5 $2 Qh6 $19) (32. Qxd6 d3 $11)) 30. Rf4 c5 (30... f6 $1 $11 {remains equal.} 31. Rxc7 Rxc7 32. Qxa8+ Kg7) 31. Rcf1 (31. Nb7 $1 $16 {[%cal Rb7d6]} Rxa3 32. Nxd6) 31... Qe7 (31... Ra7 $1 $11 {and Black has nothing to worry.}) 32. Nb7 $1 $18 Ra6 33. Rf6 cxb4 {[%cal Ob4b3]} 34. axb4 (34. Nxd6 $18 Rxd6 35. Rxd6 bxa3 36. Rb6 (36. Qxd4 Ra8 $18)) 34... Rc2 $14 {[%cal Oe7f6]} 35. R6f2 (35. Qxb5 Qxf6 $3 {[%mdl 512]} 36. Qe8+ Kg7) (35. Rxd6 $2 Raa2 36. Rh6 (36. Rd8+ $2 Kg7 $19) 36... Qg5 37. Qd8+ Qxd8 38. Nxd8 Ng4 $19) (35. Nxd6 $2 Qxf6 $1 36. Qxe5 (36. Rxf6 $2 Ra1+ 37. Rf1 Nf3+ 38. Kh1 Rxf1#) 36... Qxe5 $19) ({White should play} 35. Na5 $1 $14 Rc1 36. Rxf7 $3 {[%mdl 512]} (36. Rxc1 Qxf6 37. Rf1 Qh6 $16) 36... Qxf7 37. Qxf7 Nxf7 38. Rxc1) 35... Rxf2 $11 36. Rxf2 Kg8 (36... Rc6 $5 37. Na5 (37. Qxb5 $2 Rc7 $19) 37... Rc3 $11) 37. Na5 {To avoid Rc6} Nxd3 38. Rc2 (38. Rf1 $11) 38... Ne5 39. Rc8+ Kg7 {Strongly threatening ...d3.} 40. Qxd4 Qf6 41. Qe3 {[#]} Nc4 (41... d5 $1 $17 {[%cal Rd5e4] White must now prevent ...dxe4.} 42. exd5 Qf5) 42. Qd3 (42. Qf4 $1 $15 Qxf4 43. gxf4) 42... d5 (42... Nxa5 43. bxa5 Rxa5 44. Qc3 Qxc3 45. Rxc3 $17) (42... Qb2 $19 {[%cal Od6d5] has better winning chances. ...d5! is the strong threat.} 43. Rc6 Ra8) 43. exd5 $17 Qa1+ 44. Qf1 Qd4+ 45. Qf2 Qd1+ (45... Qxd5 $17 {aiming for ...Rf6.} 46. Qe2 Qd4+ 47. Qf2 Qe4) 46. Qf1 $11 Qd4+ (46... Qxd5 $11 47. Qa1+ (47. Nxc4 Qd4+ 48. Qf2 Ra1+ 49. Kg2 Qd5+ 50. Kh3 Qe6+ 51. Kh4 Qxc8 $11) 47... f6 48. Rc7+ Kg6 49. Qb1+ f5 50. Nxc4 bxc4) 47. Qf2 $17 {Really sharp!} Qxd5 48. Rc5 Qd1+ 49. Qf1 (49. Kg2 $2 Re6 50. Nxc4 Re2 $19) 49... Qd4+ 50. Qf2 Qd1+ 51. Qf1 $1 (51. Kg2 $2 Re6 52. Nxc4 Re2 $19) 51... Qd4+ 52. Qf2 Ne3 {( -> ...Qd1+)} 53. Rc1 {To avoid Qd1+} Rf6 ({Don't play} 53... Qxb4 54. Qxe3 Qxa5 55. Qg5+ Rg6 56. Qe5+ Rf6 57. Qg5+ (57. Rc6 Qa7+ 58. Kh1 Qf2 $11) 57... Rg6 58. Qe5+ Rf6 59. Qg5+ (59. Rc6 Qa7+ 60. Kh1 Qf2 $11) 59... Rg6 $11) (53... Re6 $5 {[%cal Rd4d3]} 54. Rf1 Qd7 $17) 54. Nb3 Qd3 55. Nc5 $1 Qd4 56. Nb3 $1 Qd3 $40 {[%mdl 128] Black mounts an attack.} 57. Nc5 $1 Rxf2 58. Nxd3 $15 {[%mdl 4096] Endgame KRN-KRN} Rg2+ 59. Kh1 Rd2 60. Nf4 Rb2 61. Re1 Nc2 62. Re2 Rb1+ 63. Kg2 Nxb4 64. Re8 Nc6 {Threatens to win with ...b4.} 65. h4 f5 (65... Rb2+ $15 66. Kf3 b4) 66. Rc8 $11 {The position is equal.} Rb2+ 67. Kh3 Ne5 68. Rc5 Kf6 69. Nh5+ Ke6 {Hoping for ...Kd6.} 70. Nf4+ Kf6 71. Nh5+ {[%mdl 64] Remove Defender, Decoy.  Weighted Error Value: White=0.15 (very precise) /Black=0.22 (precise)} 1/2-1/2

[Event "Spring Chess Classic-A 2022"]
[Site "Saint Louis"]
[Date "2022.03.02"]
[Round "1.8"]
[White "Lenderman, Aleksandr"]
[Black "Hakobyan, Aram"]
[Result "1/2-1/2"]
[WhiteElo "2600"]
[BlackElo "2601"]
[Annotator "TA"]
[PlyCount "94"]
[EventDate "2022.03.02"]
[EventType "tourn"]
[EventCountry "USA"]
[SourceTitle "playchess.com"]
[Source "ChessBase"]
[SourceQuality "1"]

{[%evp 18,94,19,-2,0,-10,4,5,2,7,5,15,6,5,8,0,0,0,0,-2,-7,-12,0,0,0,0,0,0,0,-13,-14,-16,0,-6,-4,-33,-23,-30,-37,-45,-38,-44,-34,-34,-34,-37,-37,-34,-39,-73,-73,-73,-73,-73,-66,-97,-57,-97,-57,-97,-97,-97,-57,-57,-57,-57,0,-57,-57,-57,-44,-57,-57,-57,-41,-41,0,-57,0]} 1. d4 Nf6 2. c4 g6 3. g3 c6 4. Nf3 d5 5. Bg2 Bg7 6. cxd5 cxd5 7. Nc3 O-O 8. Ne5 Bf5 9. O-O Ne4 10. Qb3 Nc6 {D79: Fianchetto Grünfeld: Symmetrical Variation (6 0-0 c6 7 cxd5 cxd5).} 11. Rd1 Nxc3 ({Don't play} 11... Nxe5 12. dxe5 Nxc3 13. bxc3 $14) 12. bxc3 {[#]} e6 $146 {The position is equal.} ({Predecessor:} 12... Nxe5 13. dxe5 Bxe5 14. Rxd5 Qc7 15. Bh6 Rfc8 16. Rb5 Be6 17. Qa3 Rab8 18. Rc1 b6 {½-½ (49) Pert,N (2548)-Adhiban,B (2659) Chess.com INT 2020}) 13. Nxc6 bxc6 14. Ba3 Re8 15. Qa4 Qb6 16. e3 Qb5 17. Qxb5 cxb5 18. Bf1 Reb8 19. Rd2 Bf8 20. Bxf8 Kxf8 21. f3 g5 {[%cal Bg6g5,Bg5g4][%mdl 32]} 22. Rb2 Rc8 23. Rc1 a6 24. Kf2 Rc6 25. Ke1 h5 26. Kd2 g4 27. Be2 Rac8 28. Rb4 Ke7 29. a4 bxa4 $1 30. Rxa4 Rb8 {[#] Hoping for ...gxf3.} 31. Rb4 Rcb6 32. fxg4 hxg4 33. Bxa6 Rxb4 34. cxb4 Rxb4 $15 {[%mdl 4096] Endgame KRB-KRB} 35. Be2 Kf6 36. Rf1 Kg5 37. Rf2 Rb1 38. Rf1 Rb8 39. Rf2 f6 40. Bd1 Be4 41. Rf4 Bf5 {[#] White must now prevent ...Rb2+.} (41... f5 $5 {[%cal Rb8b2]} 42. Kc3 Kg6 $15) 42. Rf2 Rh8 43. Bb3 Be4 44. Kc3 Rc8+ 45. Kb2 Rb8 46. Kc3 Rc8+ 47. Kb2 $1 Rb8 {Weighted Error Value: White=0.07 (flawless) /Black=0.09 (flawless)} ({Black should try} 47... Rc7 $15) 1/2-1/2

[Event "Spring Chess Classic-A 2022"]
[Site "Saint Louis"]
[Date "2022.03.02"]
[Round "1.9"]
[White "Dragun, Kamil"]
[Black "Swiercz, Dariusz"]
[Result "1/2-1/2"]
[WhiteElo "2590"]
[BlackElo "2656"]
[Annotator "TA"]
[PlyCount "88"]
[EventDate "2022.03.02"]
[EventType "tourn"]
[EventCountry "USA"]
[SourceTitle "playchess.com"]
[Source "ChessBase"]
[SourceQuality "1"]

{[%evp 13,88,8,12,8,19,25,33,42,31,15,11,10,7,14,6,0,0,0,0,0,0,0,0,0,0,0,0,0,0,-7,0,0,0,-20,-24,-24,-25,-25,-21,-145,-112,-129,-134,-133,-49,-50,-33,-108,-107,-186,-145,-248,-208,-304,-302,-305,-285,-270,-154,-168,-43,-221,-188,-272,0,0,0,0,0,0,0,0,0,0,0,0,0]} 1. e4 e5 2. Nf3 Nc6 3. Bc4 Bc5 4. d3 Nf6 5. c3 d6 6. O-O a6 7. a4 h6 8. Re1 $1 {8.Re1 scores better than 8.Nbd2. C54: Giuoco Piano: 4 c3 Nf6, main lines with 5 d4 and 5 d3.} Ba7 9. Nbd2 {[%cal Bb1d2,Bd2f1,Bf1e3,Be3c4][%mdl 32]} Be6 10. Bxe6 {White is slightly better.} fxe6 11. Nf1 (11. b4 {is more complex.} O-O 12. Nc4 Ng4 13. Be3 Bxe3 14. fxe3 Nf6 15. Qb3) 11... a5 {[#]} 12. Be3 $146 ({Predecessor:} 12. Ng3 Qd7 13. Be3 Bxe3 14. Rxe3 g5 15. d4 O-O-O 16. d5 exd5 17. exd5 Ne7 18. c4 {1-0 (47) Vachier Lagrave,M (2751)-Shankland,S (2709) Saint Louis 2021}) 12... Bxe3 13. Nxe3 O-O 14. Nc4 Nd7 15. d4 Qf6 16. Re2 Qg6 17. Re3 Qf6 18. Qd2 Rf7 19. Rd1 b6 20. Qe2 Raf8 21. Rd2 exd4 22. cxd4 Qg6 23. Na3 e5 24. Nb5 (24. Nc2 {with more complications.} exd4 25. Ncxd4 Nxd4 26. Rxd4 Kh7 27. Rd5) 24... exd4 (24... Nxd4 {looks sharper.} 25. Nbxd4 exd4 26. Rxd4 Ne5 27. Nh4 Qg4) 25. Nbxd4 Nxd4 26. Nxd4 (26. Rxd4 $11 Qe6 27. Rd2) 26... Rxf2 $17 27. Qxf2 Rxf2 28. Rxf2 Ne5 (28... Kh7 $17 {Hoping for ...Nc5.} 29. Rfe2 Qf6) 29. Nf5 $1 $15 {[#] Threatens to win with Ne7+.} Qh5 {aiming for ...Ng4.} 30. h3 {Inhibits Ng4.} ({White should try} 30. Rf1 $1 $15) 30... Qd1+ $17 31. Rf1 (31. Kh2 $17 {keeps fighting.}) 31... Qxa4 $19 32. Kh2 (32. b3 $17 {might work better.} Qb4 33. Rg3) 32... g6 33. Ne7+ (33. Nxh6+ $142 Kg7 34. Ng4) 33... Kg7 34. Nd5 c6 35. Nc7 Kg8 ({Better is} 35... Qc4 $19 36. Ne8+ Kg8) 36. Ne6 Qc4 (36... g5 $19 {...Qa2 is the strong threat.} 37. Rf8+ Kh7) 37. Rf8+ ({White must play} 37. Rf6 $1 $15) 37... Kh7 38. Re8 (38. Rf6 $142) 38... Qc1 $2 (38... g5 $19 {White must now prevent ...Qc1.} 39. Re7+ Kg6) 39. Re7+ $11 {The position is equal.} Kg8 40. Re2 {[#] White threatens Rf2 and mate. Dancing on a razor blade.} Qf1 {Prevents Rf2.} 41. Re8+ Kh7 42. Re7+ Kg8 43. Re8+ Kh7 44. Re7+ Kg8 {White happily takes the draw.  Weighted Error Value: White=0.30/Black=0.24 (precise)} 1/2-1/2

[Event "Spring Chess Classic-A 2022"]
[Site "Saint Louis"]
[Date "2022.03.02"]
[Round "1.10"]
[White "Xiong, Jeffery"]
[Black "Antipov, Mikhail Al."]
[Result "1-0"]
[WhiteElo "2686"]
[BlackElo "2615"]
[Annotator "TA"]
[PlyCount "85"]
[EventDate "2022.03.02"]
[EventType "tourn"]
[EventCountry "USA"]
[SourceTitle "playchess.com"]
[Source "ChessBase"]
[SourceQuality "1"]

{[%evp 11,85,0,0,0,20,-5,20,18,45,33,28,14,41,35,29,28,35,35,54,27,21,23,66,50,73,77,80,74,105,57,57,48,114,100,104,0,118,112,108,101,88,96,103,78,119,129,132,147,139,145,128,139,117,143,170,163,221,209,223,181,181,180,294,275,308,280,271,274,305,254,422,368,629,600,629,608]} 1. e4 e5 2. Nf3 Nc6 3. d4 exd4 4. Nxd4 Bc5 5. Nxc6 Qf6 6. Qf3 bxc6 7. Nc3 {C45: Scotch Game.} Rb8 8. b3 d6 9. Bb2 {The position is equal.} Bd4 {[#]} 10. Qxf6 $146 ({Predecessor:} 10. O-O-O Qxf3 11. gxf3 Nf6 12. Rxd4 O-O 13. Ra4 a6 14. Bxa6 Bxa6 15. Rxa6 {1-0 (15) Ruiz Campos,B-Pomarez Soza,G (1830) Managua 2016}) 10... Nxf6 11. f3 Be3 12. Ke2 {[%cal Be1e2,Be2d2,Bd2c3,Bc3b2][%mdl 32]} Bd4 13. Rd1 c5 14. Kd2 Nd7 15. Ba3 Bxc3+ 16. Kxc3 Ne5 (16... Rb6 $11 {deserves consideration.}) 17. f4 $14 Nc6 18. e5 Nd4 19. Kb2 Ke7 20. c3 (20. Bc4 $16) 20... Ne6 (20... Bg4 $2 21. exd6+ Kd7 22. Re1 $18 (22. cxd4 Bxd1 23. Ba6 Bg4 $16)) 21. f5 {aiming for Bc4.} Nf8 (21... Nd8 $1 $14) 22. Re1 $16 Kd8 23. Rd1 Ke7 $1 24. Bd3 {White leaves nothing to chance now.} Nd7 25. exd6+ cxd6 26. Rhe1+ Kf6 27. g4 {Strongly threatening h4. White is more active.} Ne5 ({Black should try} 27... h5) 28. h4 $36 {[%mdl 2048] Black must now prevent Bc2. Black is under strong pressure.} h6 {[#]} 29. Bxc5 {[%mdl 512]} dxc5 (29... Nxd3+ $2 30. Rxd3 dxc5 31. Rd6+ Be6 32. fxe6 $18) 30. g5+ hxg5 31. hxg5+ Kxg5 32. Rxe5 Rh2+ {[#]} 33. Ka3 $1 c4 (33... Bd7 $142 34. Rxc5 Rc8) 34. Bxc4 $18 {Hoping for Rd8.} Bxf5 35. Bxf7 {And now Rf1 would win.} Kf6 {[#]} 36. Ra5 Rf2 (36... Rb7 {is a better defense.}) 37. Rxa7 g5 38. Bd5 g4 39. c4 Re8 40. Kb4 Ree2 $2 (40... Rb8+ {keeps fighting.} 41. Kc5 Rc8+ 42. Kd4 Rb8) 41. a4 Rd2 $2 (41... Be6 42. Ra6 Kf5 43. Bxe6+ Rxe6) 42. Rg1 Rd3 43. Rf7+ {Weighted Error Value: White=0.11 (very precise) /Black=0.27 (precise)} 1-0

[Event "Spring Chess Classic-A 2022"]
[Site "Saint Louis"]
[Date "2022.03.03"]
[Round "2.6"]
[White "Sevian, Samuel"]
[Black "Antipov, Mikhail Al."]
[Result "1/2-1/2"]
[WhiteElo "2684"]
[BlackElo "2615"]
[Annotator "TA"]
[PlyCount "61"]
[EventDate "2022.03.02"]
[EventType "tourn"]
[EventCountry "USA"]
[SourceTitle "playchess.com"]
[Source "ChessBase"]
[SourceQuality "1"]

{[%evp 19,61,0,4,0,0,0,0,0,0,0,0,0,0,0,0,0,0,0,0,0,0,0,0,5,9,0,0,-6,0,0,0,0,0,0,12,0,0,0,0,-6,0,0,0,0]} 1. d4 Nf6 2. c4 g6 3. Nc3 d5 4. cxd5 Nxd5 5. e4 Nxc3 6. bxc3 Bg7 7. Nf3 c5 8. Bb5+ Nc6 9. O-O O-O 10. Bxc6 bxc6 {The position is equal.} 11. Qc2 $1 {[%mdl 4] is recently more successful than 11.Ba3. D85: Exchange Grünfeld: Unusual White 7th moves and lines with 7 Nf3.} cxd4 12. cxd4 Bg4 {And now ...Bxf3 would win.} 13. Ne5 Qxd4 14. Bb2 {[%cal Bc1b2,Bb2e5,Be5c3,Bc3d4,Bd4c5][%mdl 32]} Qb4 15. Rab1 Bxe5 16. Bxe5 Qa5 17. Bc3 {[#]} Qc5 $146 ({Predecessor:} 17... Qa6 18. Qd2 Be6 19. Qf4 f6 20. Rfc1 Rad8 21. h4 Rd7 22. e5 Qc4 23. Qxc4 Bxc4 24. exf6 exf6 {½-½ (37) Solomon,A (2337)-Dvoirys,S (2436) Tel Aviv 2021}) 18. Qb2 a5 19. Bd4 Qb4 20. Qa1 Qa4 21. Bc5 Rfe8 22. Rfe1 Rad8 23. Qe5 f6 24. Qg3 Be6 25. a3 Rd7 26. h4 {[%cal Bh2h4,Bh4h5][%mdl 32]} Red8 27. h5 {[%mdl 1024] White has compensation.} Rd1 {[#] Strongly threatening ...Rxb1.} 28. Qc7 R1d7 29. Qg3 Rd1 {White must now prevent ...Rxb1.} 30. Qc7 R1d7 31. Qg3 {An even fight not without its subleties.  Weighted Error Value: White=0.01 (flawless) /Black=0.01 (flawless)} 1/2-1/2

[Event "Spring Chess Classic-A 2022"]
[Site "Saint Louis"]
[Date "2022.03.03"]
[Round "2.7"]
[White "Swiercz, Dariusz"]
[Black "Xiong, Jeffery"]
[Result "0-1"]
[WhiteElo "2656"]
[BlackElo "2686"]
[Annotator "TA"]
[PlyCount "94"]
[EventDate "2022.03.02"]
[EventType "tourn"]
[EventCountry "USA"]
[SourceTitle "playchess.com"]
[Source "ChessBase"]
[SourceQuality "1"]

{[%evp 11,94,0,0,0,0,6,6,0,0,0,7,7,24,0,0,0,16,16,4,6,18,12,16,11,22,13,25,29,100,4,7,0,0,-4,24,10,2,0,17,0,0,0,0,0,10,-37,-45,-100,-56,-60,-14,-25,-33,-51,-57,-55,-53,-53,-19,-87,-89,-76,-96,-114,-129,-221,-226,-198,-215,-472,-470,-387,-443,-461,-460,-1072,-1076,-1263,-1097,-12839,-9222,-12840,-12840,-12840,-1754]} 1. d4 d5 2. c4 e6 3. Nf3 Nf6 4. g3 dxc4 5. Bg2 c6 6. O-O b5 $1 7. b3 {E04: Open Catalan: 5 Nf3.} cxb3 8. Qxb3 Bb7 9. Rd1 {The position is equal.} a5 10. Ne5 Be7 11. Nc3 {[%cal Oc3b5]} Qb6 12. Ne4 {[%cal Oe5f7][%mdl 1024] White has compensation.} Nd5 {[#]} 13. Bb2 $146 {[%cal Oe4c5]} ({Predecessor:} 13. Ba3 b4 14. Bb2 a4 15. Qf3 O-O 16. Rac1 Ba6 17. Nc5 Bb5 18. Bh3 Nc7 19. Qg4 {1-0 (49) Troia,E (2275)-Hermansen,R (1889) ICCF email 2015}) 13... f6 14. Nd3 a4 $132 {[%mdl 2048] Black puts up resistance} 15. Qc2 a3 16. Bc3 Na6 {To avoid Nec5} 17. Rac1 O-O 18. Ba1 Bc8 19. Qb3 Qa5 (19... Kh8 $11 {remains equal.}) 20. h4 (20. Rxc6 $16 {Black must now prevent Nd6.} Nab4 21. Rcc1) 20... Bd7 $11 21. h5 {[%cal Oh5h6]} Qa4 22. Qb1 Rad8 23. Bf3 Be8 24. Kg2 Nac7 25. Nec5 Qa8 26. e4 Nb6 27. h6 {Threatens to win with hxg7.} g5 28. Nb4 (28. Bg4 $11) 28... Nc4 $15 29. Nbd3 {Prevents e5.} (29. Bg4 $15) 29... Bg6 ({Better is} 29... Qa7 $17 {[%cal Oe6e5]} 30. Nb7 Rb8) 30. Qb3 Bf7 (30... f5 $15 31. e5 Rfe8) 31. Qc2 Na6 32. Nxa6 Qxa6 33. Qe2 Rfe8 34. Bh5 Bg6 35. Rh1 (35. Bxg6 $11 {keeps the balance.} hxg6 36. h7+ (36. Qg4 Qc8 $15) 36... Kxh7 37. f4) 35... Bxh5 $17 36. Rxh5 Qb7 37. Qg4 Qd7 {[%cal Oe6e5] aiming for ...e5!} 38. e5 {[#]} (38. Nc5 $17 {was necessary.} Bxc5 39. dxc5) 38... f5 $1 $19 39. Rxg5+ Kh8 ({Worse is} 39... Bxg5 40. Qxg5+ Kh8 41. Qf6+ Kg8 42. Qg5+ Kh8 43. Qf6+ Kg8 44. Qg5+ $11) 40. Rxf5 (40. Qh5 {was called for.} Bxg5 41. Qxg5) 40... Rg8 {[%cal Be8g8,Bg8g4,Bg4f4,Bf4f3,Bf3d3][%mdl 32]} 41. Qf3 exf5 42. Rxc4 {Black is clearly winning.} bxc4 43. Nf4 (43. d5 $142 Qxd5 44. e6+ Rg7 45. Bxg7+ Kg8 46. Ne5) 43... Rg4 44. e6 {[#]} Rxf4 $1 45. d5+ (45. Qxf4 Qd5+) 45... Kg8 46. exd7 Rxf3 47. dxc6 Rd3 {Weighted Error Value: White=0.53/Black=0.08 (flawless)} 0-1

[Event "Spring Chess Classic-A 2022"]
[Site "Saint Louis"]
[Date "2022.03.03"]
[Round "2.8"]
[White "Hakobyan, Aram"]
[Black "Dragun, Kamil"]
[Result "1-0"]
[WhiteElo "2601"]
[BlackElo "2590"]
[Annotator "TA"]
[PlyCount "79"]
[EventDate "2022.03.02"]
[EventType "tourn"]
[EventCountry "USA"]
[SourceTitle "playchess.com"]
[Source "ChessBase"]
[SourceQuality "1"]

{[%evp 12,79,0,0,4,0,0,6,0,-14,31,25,35,4,4,10,15,0,0,6,73,76,61,58,64,50,71,67,84,83,72,87,84,87,99,78,75,88,179,179,179,179,187,187,187,185,183,178,179,100,193,144,139,126,145,129,178,150,156,156,522,460,538,519,508,503,566,561,561,471]} 1. e4 e5 2. Nf3 Nf6 3. d4 Nxe4 4. Bd3 d5 5. Nxe5 Nd7 6. O-O Nxe5 7. dxe5 Nc5 {C43: Petroff Defence: 3 d4.} 8. Be3 Nxd3 9. Qxd3 c6 {The position is equal. 9...b6 is the recent fashion.} 10. Nc3 g6 (10... Be7 $11 {is more appropriate.}) 11. Ne2 $14 Be7 12. f4 Bf5 13. Qb3 Qd7 14. Ng3 Be6 {Strongly threatening ...d4.} 15. Qd3 Bf5 (15... c5 $11 {remains equal.}) 16. Nxf5 $16 {White is more active.} Qxf5 17. Qb3 $36 {[%mdl 2048] White has the initiative.} b6 {[%cal Bb7b6,Bb6b5,Bb5b4][%mdl 32]} 18. Qa4 $1 b5 {[#]} 19. Qa6 {[#]} Qc8 $146 ({Predecessor:} 19... Qd7 20. f5 O-O 21. Rf3 Rfd8 22. Raf1 Bf8 23. fxg6 fxg6 24. Rf7 Qe6 25. Rxa7 Rxa7 26. Qxa7 Qxe5 27. Qf7+ Kh8 {1-0 (59) Petkov,M (2426)-Vardan,N (2366) Arandjelovac 2021}) 20. Qxc8+ Rxc8 21. a4 {Threatens to win with axb5.} b4 22. Bxa7 c5 23. a5 Kd7 24. Bb6 f5 (24... Kc6 $16 {was called for.}) 25. c3 $18 bxc3 26. bxc3 Kc6 27. Rf2 Ra8 28. Rd2 Bd8 29. Bxd8 Rhxd8 {[%mdl 4096] Endgame KRR-KRR} 30. Rb2 (30. Kf2 $18) 30... d4 (30... Ra6 $16) 31. Rb6+ ({White should play} 31. c4 $18) 31... Kc7 $16 {[%cal Oa8a5] [#] aiming for ...Rxa5!} 32. Rb3 $1 d3 33. Kf2 Kc6 (33... d2 $16 34. Rbb1 d1=B) 34. Ke3 d2 35. Rb6+ Kd5 $2 {This costs Black the game.} (35... Kc7 $16 {is tougher.} 36. Rbb1 d1=B) 36. Kxd2 $18 {White is clearly winning.} Ke4+ 37. Kc2 Kxf4 38. e6 Ra7 39. a6 Rda8 40. Kd3 {Weighted Error Value: White=0.07 (flawless) /Black=0.34} 1-0